Villes avec le plus de Performances d'Opéra - Statistiques

Statistiques générales
  • Ce quiz a été pris 18 fois
  • Le résultat moyen est 13 sur 25
Statistiques - réponses
# Villes % Correct
3775 Paris
100%
6498 Londres
88%
1339 Milan
88%
6409 Moscou
88%
3657 New York
81%
4753 Berlin
75%
1966 Madrid
75%
5210 Vienne
75%
3341 Munich
69%
1866 Amsterdam
63%
2858 Prague
63%
1584 Copenhague
56%
1543 Varsovie
56%
2576 Budapest
50%
1352 Tokyo
50%
5626 Saint Petersbourg
44%
1523 Barcelone
38%
2976 Hambourg
31%
2036 Francfort-sur-le-Main
25%
1364 Salzbourg
25%
1454 Cologne
19%
2192 Dresde
19%
1612 Stuttgart
19%
1810 Zurich
19%
1675 Düsseldorf
6%
Aucun quiz correspondant
Distribution des résultats
% des personnes avec chaque résultat
Percentile par nombre de réponses
Votre historique - résultats
Vous n’avez pas pris ce quiz